| 000 | 00759cab a2200229 4500 | ||
|---|---|---|---|
| 001 | WB3425-35 | ||
| 008 | 090401t1998 xxu||||| |||| 00| 0 eng d | ||
| 035 | _a(Sirsi) u87174 | ||
| 041 | _aeng | ||
| 245 | _aJapanese prefabs for UK | ||
| 260 | _c1998 | ||
| 350 | _a0 | ||
| 490 |
_aBuilding _v263(26) 26 June 1998, 8(1) |
||
| 520 | _aTalks are underway to attract the first factory built Japanese houses to the UK. The prefabricated houses can be produced at the rate of 10,000 a year and can take only three days to build once groundworks are complete. | ||
| 650 | _aHOUSE KITS | ||
| 650 | _aJAPANESE HOUSING | ||
| 650 | _aLEAN PRODUCTION | ||
| 650 | _aPREFABRICATED HOUSES | ||
| 690 | _aHOUSING-DEVELOPMENT | ||
| 942 | _n0 | ||
| 948 | _c02/07/1998 | ||
| 999 |
_c54958 _d54958 |
||